00417nam a2200157Ia 45000010006000000050017000060080041000230410008000640820017000721000035000892450082001242600009002063000028002156500008002436540008002512068920260306172824.0260306t2017||||xx |||||||||||||| ||spa|| aESP a343.6bR738A aRetamozo Linares, AlbertoeAUT 0aLa impugnación de las bases en los procesos de contratación con el estado c2017 a134 páginas :c24 cm. aGEN aCDE